000 01353nam a2200313 c 4500
003 BLK
005 20180422115352.0
008 180411b bul|||||r ||||||| ||bul||
010 _aKNG00193682000
040 _aBLK
041 _aBUL
_cBUL
080 _aАмериканска литература (на САЩ)
_b821.111(73)
_x-31
_z821.111(73)-31
100 1 _aЕлисън, Ралф
_eпърви автор
_9343605
700 1 _aГринберг, Бети
_eс предг. от
_9382999
700 1 _aМитева, Правда Илиева
_eпрев. от англ.
_9377725
139 _aЕлисън, Ралф
_bЕ 53
245 1 0 _aНевидим
_bРоман
_cРалф Елисън; с предг. от Бети Гринберг; прев. от англ. Правда Илиева Митева.
257 _aBGR
260 София
_bНар. култура
_c1984
_fВраца : В. Александров
300 _a544 с., 1 л.
_bпортр.
_c21 см
380 _aX
490 1 _aБиблиотека Избрани романи
_v6
500 _a3 322 тир. - Ориг. загл. Invisible man / Ralph Ellison. - Авт. не е отбелязан на кор.
852 _aЦб 130303
856 4 _qpdf
_u
856 4 _qpdf
_u
942 _cKNG
_n0
_01
944 _aCR
_c18.10.2016
_kЛюбка_Николова
944 _aED
_c18.10.2016
_kЛюбка_Николова
999 _c184716
_d184716